[Event "19e tournoi de Noël"]
[Site "Montigny le Bretonneux"]
[Date "2018.12.30"]
[Round "7.1"]
[White "Fruchard, Cyrille"]
[Black "Delmas-Goyon, Francois"]
[Result "1/2-1/2"]
[WhiteElo "2265"]
[BlackElo "1887"]
[Annotator "Rivier,Sylvain"]
[PlyCount "28"]
[EventDate "2018.??.??"]

{Défense Nimzo-indienne, système Rubinstein} 1. d4 Nf6 2. c4 e6 3. Nc3 Bb4 4.
e3 O-O 5. Nge2 d5 6. a3 Be7 7. Ng3 Nbd7 8. Be2 dxc4 9. Bxc4 c5 10. dxc5 Nxc5
11. O-O a6 12. b4 b5 13. Be2 Qxd1 14. Rxd1 Nb3 1/2-1/2

[Event "19e tournoi de Noël"]
[Site "Montigny le Bretonneux"]
[Date "2018.12.30"]
[Round "7.2"]
[White "Brouard, Gregoire"]
[Black "Imbert, Christophe"]
[Result "1-0"]
[WhiteElo "2019"]
[BlackElo "1978"]
[Annotator "Rivier,Sylvain"]
[PlyCount "87"]
[EventDate "2018.??.??"]

{Défense est-indienne, attaque des quatre pions, variante principale} 1. d4 Nf6
2. c4 g6 3. Nc3 Bg7 4. e4 d6 5. Be2 O-O 6. f4 c5 7. Nf3 cxd4 8. Nxd4 Nc6 9. Be3
e5 10. Nxc6 bxc6 11. fxe5 dxe5 12. O-O Qxd1 13. Raxd1 Be6 14. b3 a5 15. Bg5 Nd7
16. Na4 h6 17. Be3 Nf6 18. Bf3 Rfd8 19. Nb6 Rab8 20. c5 Bf8 21. Kf2 Bg4 22. Ke2
Be6 23. Rxd8 Rxd8 24. Rd1 Rxd1 25. Kxd1 Nd7 26. Nxd7 Bxd7 27. Kc2 f5 28. Kc3 f4
29. Bf2 g5 30. h3 Kf7 31. b4 axb4+ 32. Kxb4 Be7 33. a4 Bc8 34. Be2 Bd8 35. a5
Bb7 36. a6 Ba8 37. Be1 Ke7 38. Bg4 Kf6 39. Bc8 h5 40. Ka4 Bc7 41. Ba5 Bb8 42.
Bb6 g4 43. hxg4 Ba7 44. gxh5 1-0

[Event "19e tournoi de Noël"]
[Site "Montigny le Bretonneux"]
[Date "2018.12.30"]
[Round "7.3"]
[White "Divies, Renaud"]
[Black "Le Bris, Gilles"]
[Result "1-0"]
[WhiteElo "2021"]
[BlackElo "1787"]
[Annotator "Rivier,Sylvain"]
[PlyCount "37"]
[EventDate "2018.??.??"]

{Défense sicilienne} 1. e4 c5 2. Nf3 d6 3. d4 cxd4 4. Nxd4 Nf6 5. f3 e5 6. Nb3
Be6 7. c4 Nbd7 8. Be3 Be7 9. Be2 O-O 10. O-O Nh5 11. Qd2 Nf4 12. Rd1 f5 13. Nc3
Qe8 14. Bxf4 exf4 15. Qxf4 Ne5 16. Nd5 Bxd5 17. exd5 Qh5 18. Qd2 Bg5 19. f4 1-0

[Event "19e tournoi de Noël"]
[Site "Montigny le Bretonneux"]
[Date "2018.12.30"]
[Round "7.4"]
[White "Wu, Clara"]
[Black "Drouot, Frederic"]
[Result "1/2-1/2"]
[WhiteElo "1517"]
[BlackElo "1987"]
[Annotator "Rivier,Sylvain"]
[PlyCount "101"]
[EventDate "2018.??.??"]

{Défense ouest-indienne, variante Capablanca} 1. d4 b6 2. c4 Bb7 3. Nf3 e6 4.
g3 Nf6 5. Bg2 Bb4+ 6. Bd2 Bxd2+ 7. Qxd2 d5 8. O-O O-O 9. cxd5 Ne4 10. Qc2 exd5
11. Nc3 Re8 12. e3 Nd7 13. Nxe4 dxe4 14. Nd2 f5 15. Rac1 Rc8 16. Qb3+ Kh8 17.
Bh3 g6 18. Nc4 Bd5 19. Qc3 Qf6 20. Rfd1 c5 21. dxc5 Qxc3 22. Rxc3 Bxc4 23. Rxd7
Rxc5 24. Bf1 Bxa2 25. Rxc5 bxc5 26. Rxa7 Be6 27. Ra6 Bf7 28. Rc6 Rb8 29. Rxc5
Rxb2 30. Rc8+ Kg7 31. Bc4 Rb1+ 32. Kg2 Rc1 33. Ba6 Rxc8 34. Bxc8 Bc4 35. h4 Be2
36. Be6 Kf6 37. Bg8 h6 38. Bd5 Ke5 39. Bc6 Kd6 40. Be8 g5 41. hxg5 hxg5 42. Bg6
Ke6 43. Bh7 g4 44. Bg8+ Ke5 45. Bf7 Bb5 46. Kg1 Kd6 47. Bb3 Bd7 48. Kf1 Kc5 49.
Ke1 Kb4 50. Bf7 Kc3 51. Bg6 1/2-1/2

[Event "19e tournoi de NoÃ«l"]
[Site "Montigny le Bretonneux"]
[Date "2018.12.30"]
[Round "7.5"]
[White "Benbakir, Chouaib"]
[Black "Appavou, Calixte"]
[Result "0-1"]
[WhiteElo "1828"]
[BlackElo "1714"]
[Annotator "Rivier,Sylvain"]
[PlyCount "108"]
[EventDate "2018.??.??"]

{DÃ©fense Caro-Kann, variante principale} 1. e4 c6 2. d4 d5 3. Nd2 dxe4 4. Nxe4
Bf5 5. Ng3 Bg6 6. Nf3 Nd7 7. Bd3 Bxd3 8. Qxd3 e6 9. O-O Ngf6 10. Re1 Be7 11. c3
O-O 12. Bg5 h6 13. Bxf6 Bxf6 14. Rad1 Qa5 15. a3 Rad8 16. Ne4 Be7 17. c4 Qc7
18. Qc3 Nf6 19. Ng3 c5 20. dxc5 Bxc5 21. b4 Be7 22. Rc1 a6 23. h3 Bd6 24. Nf1
Bf4 25. Rc2 Qd7 26. g3 Bb8 27. N1d2 Rfe8 28. Kh2 Qd3 29. Re3 Qf5 30. Kg2 e5 31.
Rc1 e4 32. Nd4 Qg6 33. N2b3 Bf4 34. a4 Bxe3 35. Qxe3 Qg5 36. Qxg5 hxg5 37. Nf5
g6 38. Ne3 b6 39. a5 Rd3 40. Rb1 bxa5 41. Nxa5 Rc8 42. c5 Nd5 43. Nec4 e3 44.
Nd6 Rc7 45. fxe3 Nxe3+ 46. Kf2 Nf5 47. Ne4 Kg7 48. g4 Nd4 49. Nd6 Re7 50. c6
Re2+ 51. Kg1 Rg3+ 52. Kf1 Rxh3 53. Kg1 Rh1+ 54. Kxh1 Nf3 0-1

[Event "19e tournoi de Noël"]
[Site "Montigny le Bretonneux"]
[Date "2018.12.30"]
[Round "7.6"]
[White "Plantet, Marc"]
[Black "Chaintreau, Thomas"]
[Result "1-0"]
[WhiteElo "1745"]
[BlackElo "1402"]
[Annotator "Rivier,Sylvain"]
[PlyCount "65"]
[EventDate "2018.??.??"]

{Défense sicilienne, attaque Canal-Sokolsky} 1. e4 c5 2. Nf3 Nc6 3. Bb5 d6 4.
O-O Bd7 5. c3 Nf6 6. Re1 g6 7. d4 cxd4 8. cxd4 Bg7 9. Nc3 O-O 10. Bf4 Nh5 11.
Bg5 h6 12. Bh4 Bg4 13. e5 Bxf3 14. Qxf3 Nxd4 15. Qxb7 g5 16. Bg3 Nxg3 17. hxg3
dxe5 18. Rad1 Qb8 19. Qa6 Rc8 20. Bd3 e6 21. Be4 Qxb2 22. Na4 Qxa2 23. Bxa8
Rxa8 24. Qb7 Qd5 25. Qc7 a5 26. Nb6 Qd8 27. Nxa8 Qxa8 28. Rb1 Qd5 29. Rb7 Nf5
30. Qxf7+ Kh7 31. g4 Qd2 32. gxf5 Qxe1+ 33. Kh2 1-0

[Event "19e tournoi de Noël"]
[Site "Montigny le Bretonneux"]
[Date "2018.12.30"]
[Round "7.8"]
[White "Privat, Jean-Claude"]
[Black "Artieres, Michel"]
[Result "0-1"]
[WhiteElo "1602"]
[BlackElo "1760"]
[Annotator "Rivier,Sylvain"]
[PlyCount "48"]
[EventDate "2018.??.??"]

{Défense vieille indienne, variante principale} 1. d4 Nf6 2. c4 d6 3. Nf3 Nbd7
4. Nc3 e5 5. e4 Be7 6. Be2 O-O 7. O-O c6 8. h3 Re8 9. Be3 Qc7 10. Rc1 exd4 11.
Nxd4 Bf8 12. Qc2 Nc5 13. Bf3 Ncd7 14. Rfd1 Ne5 15. Be2 b6 16. Nf3 Be6 17. Nxe5
dxe5 18. Rd2 Bb4 19. f3 Nh5 20. Bf2 Nf4 21. Bf1 Qe7 22. Kh1 Nh5 23. a3 Bc5 24.
Be1 Be3 0-1

[Event "19e tournoi de NoÃ«l"]
[Site "Montigny le Bretonneux"]
[Date "2018.12.30"]
[Round "7.9"]
[White "Mongey, Alain"]
[Black "Rouast, Joseph"]
[Result "0-1"]
[WhiteElo "1573"]
[BlackElo "1648"]
[Annotator "Rivier,Sylvain"]
[PlyCount "94"]
[EventDate "2018.??.??"]

{Partie du pion dame, variante Tartacover} 1. d4 Nf6 2. Bg5 d5 3. Nf3 e6 4. e3
c5 5. c3 cxd4 6. exd4 Bd6 7. Bd3 O-O 8. Qc2 h6 9. Bh4 Nc6 10. O-O Bd7 11. Re1
Rc8 12. a3 Re8 13. Nbd2 e5 14. dxe5 Nxe5 15. Nxe5 Rxe5 16. Rxe5 Bxe5 17. Nf3
Bd6 18. Re1 g5 19. Bg3 Bxg3 20. hxg3 Qb6 21. Qd2 Re8 22. Rxe8+ Bxe8 23. Qe2 Qe6
24. Qd1 Qb6 25. b4 Bb5 26. Bxb5 Qxb5 27. Qd4 Qb6 28. Qxb6 axb6 29. Nd2 b5 30.
f3 Kf8 31. Kf2 Ke7 32. Ke3 Ne8 33. Kd4 Kd6 34. Nf1 Nc7 35. Ne3 Ne6+ 36. Kd3 Ng7
37. Kc2 f5 38. Kb3 Ke5 39. a4 bxa4+ 40. Kxa4 d4 41. cxd4+ Kxd4 42. Nc2+ Kd3 43.
Na3 Ne8 44. Kb5 Nd6+ 45. Kc5 Nc8 46. Nc4 Ke2 47. Kd5 Kf2 0-1

[Event "19e tournoi de Noël"]
[Site "Montigny le Bretonneux"]
[Date "2018.12.30"]
[Round "7.10"]
[White "Gabard, Adrien"]
[Black "Fayolle, Guy"]
[Result "0-1"]
[WhiteElo "1494"]
[BlackElo "1683"]
[Annotator "Rivier,Sylvain"]
[PlyCount "64"]
[EventDate "2018.??.??"]

{Défense des deux cavaliers} 1. e4 e5 2. Bc4 Nf6 3. Nf3 Nc6 4. Ng5 d5 5. exd5
Na5 6. Bb5+ c6 7. dxc6 bxc6 8. Bd3 h6 9. Nf3 e4 10. b4 Nb7 11. Qe2 Qe7 12. Nd4
exd3 13. Qxe7+ Bxe7 14. Nxc6 dxc2 15. Nc3 Bd7 16. Nxe7 Kxe7 17. O-O Rhe8 18.
Ba3 Kf8 19. Rac1 Bf5 20. Nb5 Rac8 21. Nd4 Bg6 22. b5+ Kg8 23. Nc6 Nd5 24. f4
Bd3 25. Rf3 Bxb5 26. Nd4 Ba4 27. Rg3 Nxf4 28. Kh1 Nd8 29. Nf5 Ng6 30. Bb2 Ne6
31. Nd6 Rc6 32. Ne4 Rb8 0-1

[Event "19e tournoi de Noël"]
[Site "Montigny le Bretonneux"]
[Date "2018.12.30"]
[Round "7.11"]
[White "Saint-Leger, Stephane"]
[Black "Benbakir, Ameur"]
[Result "1-0"]
[WhiteElo "1399"]
[BlackElo "1619"]
[Annotator "Rivier,Sylvain"]
[PlyCount "73"]
[EventDate "2018.??.??"]

{Ouverture anglaise, défense anglo-indienne} 1. b3 Nf6 2. Bb2 g6 3. e3 Bg7 4.
Nf3 O-O 5. c4 Nc6 6. Be2 d6 7. O-O e5 8. d4 e4 9. Nfd2 Re8 10. Nc3 Bf5 11. Rc1
Qd7 12. a3 Rad8 13. d5 Ne5 14. Nb5 a6 15. Nd4 Re7 16. Qc2 c5 17. Nxf5 Qxf5 18.
f3 Qh5 19. Nxe4 Nxe4 20. fxe4 Qh6 21. Qd2 Rde8 22. Rce1 Nd7 23. Bxg7 Kxg7 24.
Qc3+ Ne5 25. Rf3 Kg8 26. Rh3 Qg7 27. Qc2 f6 28. Rf1 g5 29. Bh5 Ng6 30. Rhf3 Rf8
31. Qf2 Ref7 32. Qg3 Rd7 33. Bg4 Rdd8 34. Be6+ Kh8 35. Qf2 Ne5 36. Rxf6 Rxf6
37. Qxf6 1-0

[Event "19e tournoi de NoÃ«l"]
[Site "Montigny le Bretonneux"]
[Date "2018.12.30"]
[Round "7.12"]
[White "Vadillo, Torre Ismael"]
[Black "Sondermeijer, Damien"]
[Result "1-0"]
[WhiteElo "1616"]
[BlackElo "1471"]
[Annotator "Rivier,Sylvain"]
[PlyCount "129"]
[EventDate "2018.??.??"]

{DÃ©fense GrÃ¼nfeld} 1. d4 d5 2. c4 c6 3. Nc3 Nf6 4. Nf3 g6 5. Bf4 Bg7 6. e3
O-O 7. h3 a6 8. a4 Nbd7 9. Be2 dxc4 10. Bxc4 b5 11. axb5 cxb5 12. Bxb5 Bb7 13.
Be2 Nb6 14. O-O Nbd5 15. Bh2 a5 16. Nb5 Bh6 17. Nd2 Qd7 18. Nf3 Ne4 19. Ne5 Qe6
20. Bc4 Qc8 21. Rc1 Qd8 22. Nd3 Nxe3 23. fxe3 Bxe3+ 24. Nf2 Nxf2 25. Rxf2 Bxf2+
26. Kxf2 Qd7 27. Qd3 Kh8 28. Kg1 Qc6 29. Qe2 Ba6 30. b3 Bxb5 31. Qe5+ Qf6 32.
Qxf6+ exf6 33. Bxb5 Rac8 34. Bc4 Rfd8 35. Rd1 Kg7 36. Bb5 Rd5 37. Ba4 Rcd8 38.
Bc7 Rxd4 39. Rxd4 Rxd4 40. Bxa5 Rf4 41. g3 Rf5 42. b4 h5 43. Kg2 g5 44. Bc6 g4
45. hxg4 hxg4 46. b5 Rc5 47. Bb6 Rc2+ 48. Bf2 Kf8 49. Bd7 Rb2 50. b6 Ke7 51.
Bxg4 Kd8 52. Bf3 Kc8 53. b7+ Kb8 54. g4 Rxb7 55. Bxb7 Kxb7 56. Bd4 Kc6 57. Bxf6
Kd7 58. Kf3 Ke6 59. g5 Kf5 60. Kg3 Kg6 61. Kg4 Kh7 62. Kh5 Kg8 63. Kh6 Kf8 64.
Kh7 Ke8 65. Kg7 1-0

[Event "19e tournoi de Noël"]
[Site "Montigny le Bretonneux"]
[Date "2018.12.30"]
[Round "7.13"]
[White "Masson, Guillaume"]
[Black "Fruchard, Alois"]
[Result "0-1"]
[WhiteElo "1553"]
[BlackElo "1411"]
[Annotator "Rivier,Sylvain"]
[PlyCount "24"]
[EventDate "2018.??.??"]

{Défense Pirc, variante classique} 1. e4 d6 2. d4 Nf6 3. Nc3 g6 4. Nf3 Bg7 5.
Bf4 O-O 6. Qd2 Bg4 7. O-O-O Nc6 8. Be2 Re8 9. h3 Bxf3 10. gxf3 e5 11. dxe5 dxe5
12. Qe3 exf4 0-1

[Event "19e tournoi de Noël"]
[Site "Montigny le Bretonneux"]
[Date "2018.12.30"]
[Round "7.14"]
[White "Chaintreau, Maxime"]
[Black "Couradin, Bruno"]
[Result "1-0"]
[WhiteElo "1318"]
[BlackElo "1610"]
[Annotator "Rivier,Sylvain"]
[PlyCount "85"]
[EventDate "2018.??.??"]

{Défense est-indienne} 1. d4 g6 2. c4 Bg7 3. Nc3 d6 4. Nf3 Nf6 5. Bg5 O-O 6. e3
c5 7. Bd3 Bg4 8. h3 Bxf3 9. Qxf3 Nc6 10. dxc5 dxc5 11. Be2 a6 12. O-O Qc7 13.
Bxf6 Bxf6 14. Nd5 Qd6 15. Rad1 Rab8 16. Nb6 Ne5 17. Rxd6 Nxf3+ 18. Bxf3 exd6
19. Nd7 Bxb2 20. Nxf8 Kxf8 21. Rb1 Bg7 22. Rxb7 Rxb7 23. Bxb7 a5 24. Kf1 Ke7
25. Ke2 Kd7 26. Ba6 Ke6 27. Bb5 d5 28. Kd3 f5 29. cxd5+ Kxd5 30. Bc4+ Kd6 31.
Bg8 h6 32. Bh7 g5 33. Bxf5 Ke5 34. Bg6 Kd6 35. Be8 Kd5 36. Bb5 Kd6 37. Kc4 Bf6
38. Kd3 Ba1 39. Ke4 Bc3 40. Bc4 Ke7 41. Kf5 Kf8 42. Kg6 Bg7 43. e4 1-0

[Event "19e tournoi de Noël"]
[Site "Montigny le Bretonneux"]
[Date "2018.12.30"]
[Round "7.15"]
[White "Couradin, Jean-Marie"]
[Black "Plancade, Philajit"]
[Result "1-0"]
[WhiteElo "1563"]
[BlackElo "1154"]
[Annotator "Rivier,Sylvain"]
[PlyCount "73"]
[EventDate "2018.??.??"]

{Partie du pion dame} 1. d4 Nf6 2. Nf3 e6 3. e3 d5 4. Bd3 Bd6 5. b3 c6 6. Bb2
Nbd7 7. O-O O-O 8. Nbd2 b6 9. Ne5 Bb7 10. f4 Bxe5 11. fxe5 Ne8 12. Qg4 c5 13.
Rf3 g6 14. Rg3 Ng7 15. Rh3 Qe7 16. Rf1 f6 17. Qh4 Nf5 18. Bxf5 exf5 19. e6 Nb8
20. Ba3 Qg7 21. dxc5 bxc5 22. Bxc5 Re8 23. e7 Nd7 24. Ba3 Rac8 25. c4 dxc4 26.
Nxc4 Rc6 27. Nd6 Rxe7 28. Nxb7 Re4 29. Qe1 Rc2 30. Rf2 Rc7 31. Nd6 Qe7 32. Qd2
Rg4 33. Qd5+ Kg7 34. Nxf5+ gxf5 35. Bxe7 Nb6 36. Qxf5 Rg6 37. Bxf6+ 1-0

[Event "19e tournoi de Noël"]
[Site "Montigny le Bretonneux"]
[Date "2018.12.30"]
[Round "7.16"]
[White "Klein, Djimmy"]
[Black "Boucher, Francis"]
[Result "1-0"]
[WhiteElo "1524"]
[BlackElo "1148"]
[Annotator "Rivier,Sylvain"]
[PlyCount "107"]
[EventDate "2018.??.??"]

{Gambit dame} 1. d4 d5 2. c4 e6 3. Nf3 Nc6 4. Nc3 Nf6 5. cxd5 exd5 6. Bf4 Bb4
7. Rc1 O-O 8. e3 Nh5 9. Be2 Nxf4 10. exf4 Re8 11. O-O Ne7 12. Qb3 Bxc3 13. Rxc3
c6 14. Bd3 Qc7 15. Ne5 f6 16. Nf3 Qxf4 17. Rd1 Bf5 18. Qc2 Bxd3 19. Rdxd3 Qc7
20. Nd2 Ng6 21. Re3 Rxe3 22. Rxe3 Qd7 23. Nf1 Re8 24. Ng3 Nf4 25. Qd2 g6 26.
Rxe8+ Qxe8 27. Qxf4 Qe7 28. Qb8+ Kf7 29. Qxa7 f5 30. a3 f4 31. Nf1 Kf6 32. Qc5
Qxc5 33. dxc5 d4 34. f3 Ke5 35. Nd2 d3 36. Kf2 Kd4 37. g4 Kxc5 38. h4 b5 39. g5
b4 40. a4 Kb6 41. Ne4 c5 42. a5+ Kb5 43. a6 Kxa6 44. Nxc5+ Kb5 45. Nxd3 Ka4 46.
Nxf4 Kb3 47. Nd5 Kc4 48. Nf6 Kb3 49. Nxh7 Kxb2 50. Nf6 Ka3 51. Ne4 b3 52. Nd2
b2 53. Ke3 Kb4 54. h5 1-0

[Event "19e tournoi de Noël"]
[Site "Montigny le Bretonneux"]
[Date "2018.12.30"]
[Round "7.17"]
[White "Ben Hamouda, Catherine"]
[Black "Longbien, Dominique"]
[Result "0-1"]
[WhiteElo "1010"]
[BlackElo "1468"]
[Annotator "Rivier,Sylvain"]
[PlyCount "56"]
[EventDate "2018.??.??"]

{Partie italienne, guiocco piano} 1. e4 e5 2. Nf3 Nc6 3. Bc4 Bc5 4. c3 Nf6 5.
d3 O-O 6. O-O h6 7. Be3 Bb6 8. h3 d6 9. Qe2 Na5 10. Bb5 a6 11. Ba4 Ba7 12. b4
b5 13. Bc2 Nc6 14. Nbd2 Bb7 15. Bxa7 Rxa7 16. d4 Nh5 17. d5 Ne7 18. Qe3 f5 19.
Qxa7 Bc8 20. Qe3 Qe8 21. Nh4 f4 22. Qd3 g5 23. Bd1 gxh4 24. Bxh5 Qxh5 25. Kh2
Kh8 26. Rg1 Rg8 27. g4 hxg3+ 28. fxg3 Qxh3# 0-1

[Event "19e tournoi de Noël"]
[Site "Montigny le Bretonneux"]
[Date "2018.12.30"]
[Round "7.18"]
[White "Chaintreau, Cedric"]
[Black "Baltzer, Jean-Marc"]
[Result "0-1"]
[WhiteElo "1399"]
[BlackElo "1388"]
[Annotator "Rivier,Sylvain"]
[PlyCount "88"]
[EventDate "2018.??.??"]

{Défense Alekhine, variante de chasse} 1. e4 Nf6 2. Nc3 d5 3. exd5 Nxd5 4. Nxd5
Qxd5 5. d3 e5 6. f3 Nc6 7. Ne2 Bc5 8. Nc3 Qd4 9. Qe2 O-O 10. Be3 Qxe3 11. Nd5
Qxe2+ 12. Bxe2 Bb6 13. Nxb6 axb6 14. c3 Be6 15. a3 Rfd8 16. O-O Bf5 17. Rfd1
Rd7 18. Rd2 Rad8 19. Rad1 Na5 20. Bf1 Nb3 21. Re2 f6 22. d4 exd4 23. Ree1 d3
24. Re3 Kf7 25. Kf2 Nc5 26. Kg3 Re8 27. Rxe8 Kxe8 28. b4 Ne6 29. Kf2 Kf7 30. g3
h6 31. Ke3 Ng5 32. h4 Ne6 33. Bxd3 Bxd3 34. Rxd3 Rxd3+ 35. Kxd3 b5 36. c4 bxc4+
37. Kxc4 Ke7 38. Kb5 Nd4+ 39. Kc5 Nxf3 40. a4 Ne5 41. b5 b6+ 42. Kd4 Kd6 43.
Kc3 Kc5 44. Kb3 Nf3 0-1

[Event "19e tournoi de Noël"]
[Site "Montigny le Bretonneux"]
[Date "2018.12.30"]
[Round "7.19"]
[White "Meunier, Mathieu"]
[Black "Touiller, Thibault"]
[Result "0-1"]
[WhiteElo "1150"]
[BlackElo "1087"]
[Annotator "Rivier,Sylvain"]
[PlyCount "61"]
[EventDate "2018.??.??"]

{Défense française, variante d'échange} 1. e4 e6 2. Nf3 d5 3. exd5 exd5 4. d4
Nf6 5. Bd3 Be7 6. O-O Bg4 7. Re1 O-O 8. Bg5 Nc6 9. Nc3 Bxf3 10. Qxf3 Nxd4 11.
Qh3 g6 12. Ne2 Nxe2+ 13. Rxe2 Qd6 14. Rae1 Rfe8 15. Qf3 Kf8 16. Bh6+ Kg8 17.
Bg5 Kf8 18. Bb5 c6 19. Bd3 Ng8 20. Bf4 Qd7 21. Be5 Bd6 22. Bc3 Rxe2 23. Qxe2
Re8 24. Qxe8+ Qxe8 25. Rxe8+ Kxe8 26. Bd4 Bc7 27. Bxa7 b6 28. a4 Ne7 29. Ba6
Kd8 30. a5 bxa5 31. Bc5 {suite illisible} 0-1

[Event "19e tournoi de Noël"]
[Site "Montigny le Bretonneux"]
[Date "2018.12.30"]
[Round "7.7"]
[White "Verat-Fayolle, Celian"]
[Black "Claisse, Patrick"]
[Result "1/2-1/2"]
[WhiteElo "1935"]
[BlackElo "1748"]
[Annotator "Rivier,Sylvain"]
[PlyCount "82"]
[EventDate "2018.??.??"]

{Défense sicilienne, attaque Canal-Sokolsky} 1. e4 c5 2. Nf3 d6 3. Bb5+ Bd7 4.
Bxd7+ Qxd7 5. O-O Nc6 6. c3 Nf6 7. Re1 g6 8. d4 cxd4 9. cxd4 Bg7 10. Nc3 O-O
11. d5 Ne5 12. Nxe5 dxe5 13. f3 e6 14. Qb3 exd5 15. Nxd5 Nxd5 16. Rd1 Qe7 17.
Rxd5 Rfd8 18. Rxd8+ Rxd8 19. Be3 a6 20. Rc1 Qd7 21. Rc5 Rc8 22. Qd5 Qe8 23.
Qxb7 Rxc5 24. Bxc5 a5 25. b4 axb4 26. Qxb4 h5 27. a4 Qe6 28. a5 Qa2 29. Kh1
Qa1+ 30. Bg1 Bh6 31. Qb6 Bc1 32. a6 Bb2 33. a7 Bd4 34. a8=Q+ Qxa8 35. Bxd4 exd4
36. Qxd4 Qa2 37. g3 Qe2 38. f4 Qf1+ 39. Qg1 Qf3+ 40. Qg2 Qd1+ 41. Qg1 Qf3+
1/2-1/2